000 00328nam a2200145Ia 4500
008 230718s9999 xx 000 0 und d
041 _aEng.
082 _a257
_bVAL-I
100 _avalk, Jhon
245 0 _aIslami world view from Every
260 _aPakistan
_bPalgrane
_c2017
300 _a186
650 _aLaw
999 _c31924
_d31924